000
00263nam a2200121 a 4500
005
20141022142000.0
008
080925s19uu xx 00 eng d
050
_a
VHS
_b
KWA95 REP
245
_a
Kwaresma.
650
_a
VHS.
650
_a
Kwaresma.
942
_c
AVM
999
_c
276219
_d
276219